00399cam a22001337a 4500008004000000082001900040100002600059245006100085260003100146300001000177650001700187650002100204650004000225180718b1992 xxu||||| |||| 00| 0 eng d aB131x5412 M896 aMukherjee, Alok Kumar aHowrah: a study in Urbanisationcby Alok Kumar Mukherjee aCalcuttabChatterjeec1992 a198p. aUrbanisation aSociology, Urban aCities and towns - India - Calcutta